عمان : (رقم التسجيلة. 176015)

تفاصيل مارك
000 -LEADER
fixed length control field 00823nas a22002651i 4500
003 - EG-GICUS
control field EG-GICUS
005 - DATE AND TIME OF LATEST TRANSACTION
control field 20251125120929.0
008 - FIXED-LENGTH DATA ELEMENTS--GENERAL INFORMATION
fixed length control field 25111919u19uuuuuuua sr p 0 f0ara d
040 ## - CATALOGING SOURCE
Original cataloging agency EG-GICUS
Language of cataloging ara
Transcribing agency EG-GICUS
Description conventions rda
043 ## - GEOGRAPHIC AREA CODE
Geographic area code a-jo
049 ## - LOCAL HOLDINGS (OCLC)
Acquisition Source إهداء
092 ## - LOCALLY ASSIGNED DEWEY CALL NUMBER (OCLC)
Edition number 21
Classification number 306
Item number A518
099 ## - LOCAL FREE-TEXT CALL NUMBER (OCLC)
Classification number 306 A518
222 ## - KEY TITLE
Key title عمان
245 00 - TITLE STATEMENT
Title عمان :
Remainder of title مجلة ثقافية شهرية
246 03 - VARYING FORM OF TITLE
Title proper/short title Umān
264 ## - PRODUCTION, PUBLICATION, DISTRIBUTION, MANUFACTURE, AND COPYRIGHT NOTICE
Place of production, publication, distribution, manufacture عمان :
Name of producer, publisher, distributor, manufacturer أمانة عمان الكبرى ؛
Date of production, publication, distribution, manufacture, or copyright notice 1993-
300 ## - PHYSICAL DESCRIPTION
Extent مجلد :
Other physical details إيضاحيات ؛
Dimensions 30 سم
541 ## - IMMEDIATE SOURCE OF ACQUISITION NOTE
Source of acquisition إهداء
Date of acquisition 2024-10-24
Gift د.جابر عصفور
588 ## - SOURCE OF DESCRIPTION NOTE
Institution to which field applies الوصف ماخوذ من : العدد(159)
650 #7 - SUBJECT ADDED ENTRY--TOPICAL TERM
Topical term or geographic name entry element الثقافة
Form subdivision دوريات
Source of heading or term qarmak
710 ## - ADDED ENTRY--CORPORATE NAME
Corporate name or jurisdiction name as entry element أمانة عمان الكبرى
905 ## - LOCAL DATA ELEMENT E, LDE (RLIN)
Cataloger Samah
Reviser Abeer
942 ## - ADDED ENTRY ELEMENTS (KOHA)
Suppress in OPAC No
Koha item type Continuing Resources
999 ## -
-- 176015
-- 176015
المقتنيات
Barcode Full call number Home library Current library Source of classification or shelving scheme Koha item type Inventory number Copy number
0103010G000108100161 306A518 المكتبة المركزبة الجديدة - جامعة القاهرة المكتبة المركزبة الجديدة - جامعة القاهرة Dewey Decimal Classification Continuing Resources 1 c3
0103010G000108090159 306A518 المكتبة المركزبة الجديدة - جامعة القاهرة قاعة الصحف والدوريات - الدور الثالث Dewey Decimal Classification Continuing Resources 1  
0103010G000107120150 306A518 المكتبة المركزبة الجديدة - جامعة القاهرة قاعة الصحف والدوريات - الدور الثالث Dewey Decimal Classification Continuing Resources 1 c2
Cairo University Libraries Portal Implemented & Customized by: Eng. M. Mohamady Contacts: new-lib@cl.cu.edu.eg | cnul@cl.cu.edu.eg
CUCL logo CNUL logo
© All rights reserved — Cairo University Libraries
CUCL logo
Implemented & Customized by: Eng. M. Mohamady Contact: new-lib@cl.cu.edu.eg © All rights reserved — New Central Library
CNUL logo
Implemented & Customized by: Eng. M. Mohamady Contact: cnul@cl.cu.edu.eg © All rights reserved — Cairo National University Library